Kritika talianskej vlády Pokračuje 16. zjazd TKS

Podrobná bibliografia
Médium: Článok
Jazyk:slovenčina
Predmet:

MARC

LEADER 00000nab a2200000 a 4500
001 vtls000145726
003 SK-MaSNL
005 20260303025406.0
008 111104c1983 xo 0 slo
015 |a SNBRB19rr/mm-uuuuu 
035 |a CL0155833 
040 |a SNKBUCL  |b slo  |c SNKBUCL  |e AACR2 
041 0 |a slo 
044 |a xo  |c SK 
080 |a 329.15(100-12)(450)  |2 1981 
245 0 0 |a Kritika talianskej vlády  |b Pokračuje 16. zjazd TKS 
650 0 7 |a Talianska komunistická strana  |2 snkbucl  |9 934934 
655 7 |a články z novín a časopisov  |2 snkbucl  |9 267496 
773 0 |t Pravda  |g Roč. 64, č. 53 (4. 3. 1983), s. 7 
850 |a Slovenská národná knižnica v Martine  |a MTA001 
852 |a SNK  |b KIS3GCP 
958 |a RK 
992 |a RBX 
999 |c 1646033  |d 1647963